Stati per produzione di Piombo - Statistics

Statistiche generali
  • Questo quiz è stato fatto 4 volte
  • Il punteggio medio è 9 su 15
Statistiche sulle risposte
Produzione di piombo (migliaia tonnellate/anno) Continente Nazione % Corretto
500 Oceania Australia
100%
2 400 Asia Cina
100%
310 America del Sud Perù
100%
335 America del Nord Stati Uniti
100%
80 America del Sud Bolivia
67%
41 Asia / Europa Kazakistan
67%
40 Europa Polonia
67%
225 Asia / Europa Russia
67%
75 Asia / Europa Turchia
67%
35 Asia Corea del Nord
33%
135 Asia India
33%
41 Asia Iran
33%
250 America del Nord Messico
33%
40 Africa Sudafrica
33%
76 Europa Svezia
33%
Nessun quiz corrispondente trovato
Distribuzione punteggi
Percentuale di utenti per punteggio
Percentile per numero di risposta
I tuoi punteggi nel tempo
Non hai fatto questo quiz